| 000 | 01600cam a22003494a 4500 | ||
|---|---|---|---|
| 005 | 20260322212059.0 | ||
| 008 | data | ||
| 010 | _a 2002031802 | ||
| 020 | _a0399149325 (acidfree paper) | ||
| 020 | _a978-0399149320 (acid-free paper) | ||
| 040 |
_aDLC _cDLC _dDLC |
||
| 042 | _apcc | ||
| 043 | _ae-uk-en | ||
| 050 | 0 | 0 |
_aHV6535.G6 _bL6335 2002 |
| 082 | 0 | 0 |
_a364.15/23/092 _221 |
| 100 | 1 | _aCornwell, Patricia Daniels. | |
| 245 | 1 | 0 |
_aPortrait of a killer : _bJack the Ripper-- case closed / _cPatricia Daniels Cornwell. |
| 260 |
_aNew York : _bPutnam's, _c2002. |
||
| 300 |
_a387 p., [24] p. of plates : _bcol. ill., map ; _c24 cm. |
||
| 504 | _aIncludes bibliographical references (p. [367]-379) and index. | ||
| 600 | 0 | 0 |
_aJack, _cthe Ripper. |
| 600 | 1 | 0 |
_aSickert, Walter, _d1860-1942. |
| 650 | 0 |
_aSerial murders _zLondon _zLondon _xHistory _y19th century. |
|
| 651 | 0 |
_aWhitechapel (London, England) _xHistory. |
|
| 856 | 4 | 1 |
_3Sample text _uhttp://www.loc.gov/catdir/enhancements/fy0716/2002031802-s.html |
| 856 | 4 | 2 |
_3Publisher description _uhttp://www.loc.gov/catdir/enhancements/fy0716/2002031802-d.html |
| 856 | 4 | 2 |
_3Contributor biographical information _uhttp://www.loc.gov/catdir/enhancements/fy0716/2002031802-b.html |
| 906 |
_a7 _bcbc _corignew _d1 _eocip _f20 _gy-gencatlg |
||
| 925 | 0 |
_aacquire _b2 shelf copies _xpolicy default |
|
| 955 |
_dsc17 2002-08-29 _esc02 2002-08-29 to Dewey _fpv01 2003-03-06 CIP ver to BCCD _gsf04 2003-04-23 copy 2 to BCCD |
||
| 001 | data | ||
| 999 |
_c1407 _d1407 |
||